Znaki rozpoznawcze Hiszpanii - Statystyki

Ogólne statystyki
  • Ten quiz został rozwiązany 1 555 razy
  • Średni wynik to 8 z 18
Statystyki odpowiedzi
Obrazkowy Hint Odpowiedź % Poprawnych
kościół Sagrada Familia
80%
jedzenie Churro
76%
sportowiec Rafael Nadal
71%
pasmo górskie Pireneje
67%
archipelag wysp Wyspy Kanaryjskie
67%
malarz Pablo Picasso
61%
jedzenie Paella
61%
rodzaj muzyki/tańca Flamenco
56%
słynna powieść Don Kichot
49%
zawód Toreador
49%
aktorka Penélope Cruz
48%
miasto Bilbao
40%
jedzenie Gazpacho
28%
typ statku Galeon
24%
miasto Grenada
23%
wydarzenie Gonitwa Byków
18%
miasto Toledo
17%
bohater narodowy Cyd
7%
Nie znaleziono quizów pasujących do podanych kryteriów
Rozkład punktacji
Procent ludzi z każdym wynikiem
Percentyl według liczby udzielonych odpowiedzi
Twoja historia wyników
Nie rozwiązałeś tego quizu